|
|
|
|
| LEADER |
00579nam a22001577a 4500 |
| 020 |
|
|
|a 81-260-4348-4
|
| 082 |
|
|
|a 821
|b SAT/S Q4
|
| 245 |
|
|
|a Songs From the Seashore;
|b Poetry from the Indian Ocean Rim
|
| 250 |
|
|
|a 1st
|
| 260 |
|
|
|a New Delhi;
|b Sahitya Akademi;
|c 2014
|
| 300 |
|
|
|a 262p.
|
| 650 |
|
|
|a English Poetry; English Literature
|9 164621
|
| 700 |
|
|
|a Satchidanandan K (Ed.)
|9 300267
|
| 942 |
|
|
|c BK
|
| 999 |
|
|
|c 64896
|d 64896
|
| 952 |
|
|
|0 0
|1 0
|4 0
|6 821_000000000000000_SAT_S_Q4
|7 0
|8 Englishp
|9 77537
|a MAL
|b MAL
|d 2016-10-14
|e 56370
|g 200.00
|l 0
|o 821 SAT/S Q4
|p MAL056370
|r 2016-10-14
|t 1
|w 2016-10-14
|y BK
|